| 000 -LEADER |
| fixed length control field |
01004nam a2200349Ii 4500 |
| 020 ## - INTERNATIONAL STANDARD BOOK NUMBER |
| ISBN |
002145910x |
| 020 ## - INTERNATIONAL STANDARD BOOK NUMBER |
| ISBN |
0021459010 |
| 020 ## - INTERNATIONAL STANDARD BOOK NUMBER |
| ISBN |
0021459118 |
| 020 ## - INTERNATIONAL STANDARD BOOK NUMBER |
| ISBN |
0021459029 |
| 020 ## - INTERNATIONAL STANDARD BOOK NUMBER |
| ISBN |
0021459126 |
| 020 ## - INTERNATIONAL STANDARD BOOK NUMBER |
| ISBN |
0021459037 |
| 020 ## - INTERNATIONAL STANDARD BOOK NUMBER |
| ISBN |
0021459134 |
| 020 ## - INTERNATIONAL STANDARD BOOK NUMBER |
| ISBN |
0021459045 |
| 020 ## - INTERNATIONAL STANDARD BOOK NUMBER |
| ISBN |
0021459142 |
| 020 ## - INTERNATIONAL STANDARD BOOK NUMBER |
| ISBN |
0021459053 |
| 020 ## - INTERNATIONAL STANDARD BOOK NUMBER |
| ISBN |
0021459150 |
| 020 ## - INTERNATIONAL STANDARD BOOK NUMBER |
| ISBN |
002145907x |
| 020 ## - INTERNATIONAL STANDARD BOOK NUMBER |
| ISBN |
0021459177 |
| 020 ## - INTERNATIONAL STANDARD BOOK NUMBER |
| ISBN |
0021440700 |
| 020 ## - INTERNATIONAL STANDARD BOOK NUMBER |
| ISBN |
0021441804 |
| 040 ## - CATALOGING SOURCE |
| Transcribing agency |
IAD |
| 082 ## - DEWEY DECIMAL CLASSIFICATION NUMBER |
| Classification number |
910 MAC 1991 A104 Or. |
| 245 04 - TITLE STATEMENT |
| Title |
The World around us / |
| 260 ## - PUBLICATION, DISTRIBUTION, ETC. (IMPRINT) |
| Place of publication |
New York : |
| Name of publisher |
Macmillan/McGraw-Hill School Publishing Co., |
| Year of publication |
c1991 |
| 300 ## - PHYSICAL DESCRIPTION |
| Number of Pages |
v : |
| Other physical details |
col. ill., maps ; |
| Dimensions |
30 cm. + |
| Accompanying material |
teacher's annotated ed. (9 v. : col. ill., maps ; 31 cm.) |
| 500 ## - GENERAL NOTE |
| General note |
Includes bibliographical references and index |
| 500 ## - GENERAL NOTE |
| General note |
Overhead transparencies in pockets at front of teacher's editions |
| 650 #0 - SUBJECT ADDED ENTRY--TOPICAL TERM |
| Topical Term |
Social sciences |
| 650 #0 - SUBJECT ADDED ENTRY--TOPICAL TERM |
| Topical Term |
Social sciences |
| 700 1# - ADDED ENTRY--PERSONAL NAME |
| Personal name |
Beyer, Barry K., |
| 942 ## - ADDED ENTRY ELEMENTS (KOHA) |
| Koha item type |
សៀវភៅភាសាអង់គ្លេស |
| 952 ## - LOCATION AND ITEM INFORMATION (KOHA) |
| Withdrawn status [LOCAL, KOHA] |
0 |